Mahiti hakku : mahiti hakku adhiniyama 2005 (Record no. 142528)

MARC details
000 -LEADER
fixed length control field 00626nam a2200205Ia 4500
003 - CONTROL NUMBER IDENTIFIER
control field OSt
005 - DATE AND TIME OF LATEST TRANSACTION
control field 20250830094349.0
008 - FIXED-LENGTH DATA ELEMENTS--GENERAL INFORMATION
fixed length control field 210210b2010 xxu||||| |||| 00| 0 eng d
040 ## - CATALOGING SOURCE
Transcribing agency AL
041 ## - LANGUAGE CODE
Language code of text/sound track or separate title kan
082 ## - DEWEY DECIMAL CLASSIFICATION NUMBER
Classification number 343.0998K VEDM
100 ## - MAIN ENTRY--PERSONAL NAME
Personal name Vedamurti K C
9 (RLIN) 237948
110 ## - MAIN ENTRY--CORPORATE NAME
Corporate name or jurisdiction name as entry element ವೇದಮೂರ್ತಿ ಕೆ ಸಿ
9 (RLIN) 237954
245 ## - TITLE STATEMENT
Title Mahiti hakku : mahiti hakku adhiniyama 2005
Remainder of title : ಮಾಹಿತಿ ಹಕ್ಕು ಮಾಹಿತಿ ಹಕ್ಕು ಅಧಿನಿಯಮ
260 ## - PUBLICATION, DISTRIBUTION, ETC.
Place of publication, distribution, etc. Bengaluru
Name of publisher, distributor, etc. -
Date of publication, distribution, etc. 2010
300 ## - PHYSICAL DESCRIPTION
Extent vi,138p
690 ## - LOCAL SUBJECT ADDED ENTRY--TOPICAL TERM (OCLC, RLIN)
Topical term or geographic name as entry element Press Laws
9 (RLIN) 237953
906 ## - LOCAL DATA ELEMENT F, LDF (RLIN)
a 065348
942 ## - ADDED ENTRY ELEMENTS (KOHA)
Source of classification or shelving scheme Dewey Decimal Classification
Koha item type Book
Holdings
Withdrawn status Lost status Source of classification or shelving scheme Damaged status Not for loan Collection code Home library Current library Date acquired Cost, normal purchase price Total Checkouts Full call number Barcode Date last seen Price effective from Koha item type
    Dewey Decimal Classification     Human Rights St Aloysius Library St Aloysius Library 02/17/2021 70.00   343.0998K VEDM 065348 02/17/2021 02/17/2021 Book